| 000 | 00905nam a22002297a 4500 | ||
|---|---|---|---|
| 005 | 20180201142935.0 | ||
| 010 | _a1718EN-30 ENG-121729 | ||
| 020 |
_a9789385462351 _c295.00 |
||
| 035 | _aEN-105261 | ||
| 035 | _aB-686965-967 | ||
| 037 |
_bAne Books _adpl |
||
| 037 | _bDBAD/PUB | ||
| 082 | _a881 | ||
| 100 | _aMukherjee, Gurudas | ||
| 245 |
_aRomantic poetry / _cby Gurudas Mukherjee [and] Indibar Mukherjee |
||
| 260 |
_aNew Delhi _bAne Books _c2016 |
||
| 270 |
_a4821, Parwana Bhawan, Ist Floor, 24 Ansari Road, Daryaganj, _bNew Delhi _e110002 |
||
| 300 |
_aviii,274p. _c23cm(pbk) |
||
| 700 | _aMukherjee, Indibar | ||
| 942 |
_2ddc _cEN _mMUK _h881 |
||
| 999 |
_c144850 _d144850 |
||